000 00537nam a2200169Ia 4500
008 090711s9999 xx 000 0 und d
082 _b447
100 _aभावे पुरुषोत्तम भा.
245 _aव्याध
260 _bनंदादीप प्रकाशन
_c2000
300 _a144
600 _aभावे पुरुषोत्तम भा.
630 _aव्याध
700 _aभावे पुरुषोत्तम भा.
730 _aव्याध
942 _cBOOK
999 _c337427
_d337427